<?xml version="1.0" encoding="UTF-8"?>
<record
    xmlns:xsi="http://www.w3.org/2001/XMLSchema-instance"
    xsi:schemaLocation="http://www.loc.gov/MARC21/slim http://www.loc.gov/standards/marcxml/schema/MARC21slim.xsd"
    xmlns="http://www.loc.gov/MARC21/slim">

  <leader>01849nam a22002417a 4500</leader>
  <controlfield tag="008">251013b        |||||||| |||| 00| 0 eng d</controlfield>
  <datafield tag="020" ind1=" " ind2=" ">
    <subfield code="a">9780008607838</subfield>
  </datafield>
  <datafield tag="040" ind1=" " ind2=" ">
    <subfield code="c">tbs</subfield>
  </datafield>
  <datafield tag="041" ind1=" " ind2=" ">
    <subfield code="a">eng</subfield>
  </datafield>
  <datafield tag="100" ind1=" " ind2=" ">
    <subfield code="a">Blake, Matthew</subfield>
    <subfield code="9">25462</subfield>
    <subfield code="e">author</subfield>
  </datafield>
  <datafield tag="245" ind1=" " ind2=" ">
    <subfield code="a">Anna O</subfield>
    <subfield code="c">/ Matthew Blake.</subfield>
  </datafield>
  <datafield tag="260" ind1=" " ind2=" ">
    <subfield code="a">London : </subfield>
    <subfield code="b">HarperCollins Publishers Ltd,</subfield>
    <subfield code="c">2025.</subfield>
  </datafield>
  <datafield tag="300" ind1=" " ind2=" ">
    <subfield code="a">423 pages ;</subfield>
    <subfield code="c">23 cm.</subfield>
  </datafield>
  <datafield tag="520" ind1=" " ind2=" ">
    <subfield code="a">The world will know her name. The average person spends 33 years of their life asleep. But, in this mysterious shadow world, how can we ever know who we really become? In 2019, Anna Ogilvy was a budding twenty-five-year-old writer with a bright future ahead of her. Then, one night, she stabbed two people to death with no apparent motive and hasn't woken up since. Her deep sleep is known by neurologists as 'resignation syndrome', a rare functional psychosomatic disorder. The tabloid press dubs her 'Sleeping Beauty'. Fast forward to the present day. Dr Benedict Prince is a forensic psychologist and an expert in the field of sleep-related homicides. As a consultant at The Abbey, a sleep clinic based in London's infamous Harley Street, he has studied patients who are held on murder charges; but they have no memory of their crimes. As Anna shows the first signs of stirring, Benedict must determine what really happened that night and whether or not she should be held criminally responsible for her actions when she finally wakes up. Only she knows the truth about that night, but only he knows how to discover it.</subfield>
  </datafield>
  <datafield tag="650" ind1=" " ind2="0">
    <subfield code="a">Young women</subfield>
    <subfield code="v">Fiction</subfield>
    <subfield code="9">24099</subfield>
  </datafield>
  <datafield tag="650" ind1=" " ind2="0">
    <subfield code="a">Sleep disorders</subfield>
    <subfield code="v">Fiction</subfield>
    <subfield code="9">26117</subfield>
  </datafield>
  <datafield tag="650" ind1=" " ind2="0">
    <subfield code="a">Forensic psychologists</subfield>
    <subfield code="v">Fiction</subfield>
    <subfield code="9">26118</subfield>
  </datafield>
  <datafield tag="650" ind1=" " ind2="0">
    <subfield code="a">Murder</subfield>
    <subfield code="v">Fiction</subfield>
    <subfield code="9">25440</subfield>
  </datafield>
  <datafield tag="650" ind1=" " ind2="0">
    <subfield code="a">Thrillers (Fiction)</subfield>
    <subfield code="9">12828</subfield>
  </datafield>
  <datafield tag="655" ind1=" " ind2="0">
    <subfield code="a">Psychological fiction</subfield>
    <subfield code="9">22456</subfield>
  </datafield>
  <datafield tag="655" ind1=" " ind2="0">
    <subfield code="a">Detective and mystery fiction</subfield>
    <subfield code="9">23664</subfield>
  </datafield>
  <datafield tag="942" ind1=" " ind2=" ">
    <subfield code="2">lcc</subfield>
  </datafield>
  <datafield tag="952" ind1=" " ind2=" ">
    <subfield code="0">0</subfield>
    <subfield code="1">0</subfield>
    <subfield code="2">lcc</subfield>
    <subfield code="4">0</subfield>
    <subfield code="7">0</subfield>
    <subfield code="a">TBS</subfield>
    <subfield code="b">TBS</subfield>
    <subfield code="d">2025-10-13</subfield>
    <subfield code="l">3</subfield>
    <subfield code="o">P-EN BLA</subfield>
    <subfield code="p">B07675</subfield>
    <subfield code="r">2026-02-10</subfield>
    <subfield code="s">2026-02-03</subfield>
    <subfield code="t">1</subfield>
    <subfield code="w">2025-10-13</subfield>
    <subfield code="y">1</subfield>
  </datafield>
  <datafield tag="999" ind1=" " ind2=" ">
    <subfield code="c">5033</subfield>
    <subfield code="d">5033</subfield>
  </datafield>
</record>
